Normal view
MARC view
Entry Topical Term
001 - CONTROL NUMBER
- control field: 25034
003 - CONTROL NUMBER IDENTIFIER
- control field: ARRUPE
005 - DATE AND TIME OF LATEST TRANSACTION
- control field: 20160816091835.0
008 - FIXED-LENGTH DATA ELEMENTS
- fixed length control field: 160816|| aca||aabn | a|a d
040 ## - CATALOGING SOURCE
- Original cataloging agency: ARRUPE
- Transcribing agency: ARRUPE
150 ## - HEADING--TOPICAL TERM
- Topical term or geographic name as entry element: Christmas
670 ## - SOURCE DATA FOUND
- Source citation: Work cat.: (ARRUPE)0: Guthridge, Ian 25033, All about Christmas :, 1988.